03594cam a22017294i 4500003000900000005001700009008004100026020001500067020001800082035002000100040003300120082002400153100004300177245008700220250002200307264003200329300005600361336002100417337002500438338002300463504003300486505017200519526000900691526000900700526001000709526001000719526001000729526001000739526001000749526001000759526001000769526001000779526001000789526001000799526001000809526001000819526001000829526001000839526001000849526001000859526001000869526001000879526001000889526001000899526001000909526001000919526001000929526001000939526001000949526001000959526001000969526001000979526001000989526001000999526001001009526001001019526001001029526001001039526001001049526001001059526001001069526001001079526001001089526001001099526001001109526001001119526001001129526001001139526001001149526000901159526000901168526000901177526000901186526000901195526000901204526000901213526000901222526000901231526000901240526000901249526000901258526000901267526000901276526000901285526000901294526000901303526000901312526000901321526000901330526000901339526000901348526000901357526000901366526000901375526000901384526000901393526000901402526000901411526000901420526000901429526000901438526001001447526000901457526000901466526000901475526000901484526000901493526000901502526000901511526000801520526000801528526000801536526000801544526000801552526000801560526000801568526000801576526000801584526000801592526000801600526000801608526000801616526000801624526000901632526000801641526000801649526000801657526000801665526000801673526000901681526000801690526000801698526000801706526000801714526000801722526000901730526000801739526000801747526000901755526000801764526000801772526000801780526000801788541001801796650002601814650002401840PE-LiUPU20250813165545.0190814s2007    mx a    rb    000 0 spa d  a968246787X  a9789682467875  a(Sirsi) a252478  aPE-LiUPUbspacPE-LiUPUerda04a616.855075bM412201 aMelgar De González, María,eautor.10aCómo detectar al niño con problemas del habla /cMaría Melgar de González.  aQuinta edición. 1aMéxico :bTrillas,c2007.  a[93] páginas :bilustraciones ;c23 centímetros  atext2rdacontent  aunmediated2rdamedia  avolume2rdacarrier  aBibliografía: página 47.0 aEl problema y la definición de los términos -- Revisión de la bibliografía -- Materiales y procedimientos -- Resultados y análisis -- Resumen -- Seguimiento.  aP203  aP200  aSEG65  aSEG64  aSEG63  aSEG62  aSEG61  aSEG60  aSEG59  aSEG58  aSEG57  aSEG56  aSEG55  aSEG54  aSEG53  aSEG52  aSEG51  aSEG50  aSEG49  aSEG48  aSEG47  aSEG46  aSEG24  aSEG23  aSEG22  aSEG21  aSEG20  aSEG19  aSEG18  aSEG17  aSEG16  aSEG14  aSEG13  aSEG12  aSEG11  aSEG10  aSEG09  aSEG06  aSEG05  aSEG04  aSEG03  aSEG02  aSEG68  aSEG66  aSEG45  aSEG25  aSEG01  aP163  aP162  aP161  aP160  aP159  aP158  aP157  aP156  aP155  aP154  aP153  aP152  aP151  aP150  aP149  aP142  aP141  aP140  aP139  aP138  aP137  aP132  aP131  aP130  aP126  aP125  aP124  aP123  aP115  aP122  aP121  aP116  a P114  aP112  aP111  aP104  aP103  aP102  aP101  aP100  aP96  aP95  aP93  aP92  aP91  aP88  aP83  aP82  aP79  aP78  aP75  aP74  aP71  aP69  a P51  aP49  aP48  aP47  aP33  aP31  a P30  aP29  aP27  aP26  aP25  aP24  a P22  aP10  aP09  a P08  aP06  aP05  aP04  aP01  g002-00001570;04aTrastornos del habla.04aNiño -- Lenguaje.